000
00273nam a2200121Ia 4500
005
20251222144752.0
008
251222s9999||||xx |||||||||||||| ||spa||
082
_a
455.03/J15
100
_a
Jafrancesco, E.
245
0
_a
Parla e Scrivi:
264
_b
Cendali
942
_c
LIB
999
_c
19384
_d
19384